Thành ngữ Mường

Tập hợp những "lời nói có vần" giống như "tục ngữ và thành ngữ" của người Mường được phiên âm la tinh dịch sang tiếng Việt và được viết lại bằng chữ Mường

Salvato in:
Dettagli Bibliografici
Autore principale: Cao, Sơn Hải
Natura: Libro
Lingua:Undetermined
Pubblicazione: Hà Nội Văn hóa Thông tin 2013
Soggetti:
Tags: Aggiungi Tag
Nessun Tag, puoi essere il primo ad aggiungerne! !
Thư viện lưu trữ: Trung tâm Học liệu Trường Đại học Cần Thơ
LEADER 00782nam a2200193Ia 4500
001 CTU_190982
008 210402s9999 xx 000 0 und d
082 |a 398.99592 
082 |b H103 
100 |a Cao, Sơn Hải 
245 0 |a Thành ngữ Mường 
245 0 |c Cao Sơn Hải 
260 |a Hà Nội 
260 |b Văn hóa Thông tin 
260 |c 2013 
520 |a Tập hợp những "lời nói có vần" giống như "tục ngữ và thành ngữ" của người Mường được phiên âm la tinh dịch sang tiếng Việt và được viết lại bằng chữ Mường 
650 |a Terms and phrases,Thành ngữ 
910 |a Hải 
980 |a Trung tâm Học liệu Trường Đại học Cần Thơ